000 00320nam a2200133 i 4500
001 bg
100 1 _aMAZURKIEWICZ, B.
245 0 _aStoczniowe i portowe tory poddźwigowe /
_cB. Mazurkiewicz.
260 _aGdańsk,
_c1984.
040 _cBPK
041 _apol
942 _cKS
008 s pl f |000 0 pol
999 _c2449
_d2449
856 _uhttp://koha.tu.koszalin.pl/cgi-bin/koha/opac-detail.pl?biblionumber=2449
_yKatalog online BPK